Kỷ yếu các tọa đàm tổ chức tại Việt Nam trong khuôn khổ dự án JICA 2002 - 2003
Giới thiệu nội dung các tọa đàm tổ chức tại Việt Nam trong khuôn khổ dự án Jica giai đoạn 2000 - 2003
Gardado en:
| Autor Corporativo: | |
|---|---|
| Formato: | Libro |
| Idioma: | Undetermined |
| Publicado: |
Hà Nội
Bộ Tư Pháp
2004
|
| Những chủ đề: | |
| Các nhãn: |
Engadir etiqueta
Sen Etiquetas, Sexa o primeiro en etiquetar este rexistro!
|
| Thư viện lưu trữ: | Trung tâm Học liệu Trường Đại học Cần Thơ |
|---|
| LEADER | 00786nam a2200193Ia 4500 | ||
|---|---|---|---|
| 001 | CTU_156528 | ||
| 008 | 210402s9999 xx 000 0 und d | ||
| 082 | |a 338.761 | ||
| 082 | |b B450/Q.8 | ||
| 110 | |a Bộ Tư Pháp | ||
| 245 | 0 | |a Kỷ yếu các tọa đàm tổ chức tại Việt Nam trong khuôn khổ dự án JICA 2002 - 2003 | |
| 245 | 0 | |c Bộ Tư Pháp | |
| 260 | |a Hà Nội | ||
| 260 | |b Bộ Tư Pháp | ||
| 260 | |c 2004 | ||
| 520 | |a Giới thiệu nội dung các tọa đàm tổ chức tại Việt Nam trong khuôn khổ dự án Jica giai đoạn 2000 - 2003 | ||
| 650 | |a Economic assistance,Economics,Hợp tác kinh tế | ||
| 904 | |i Nguyên | ||
| 980 | |a Trung tâm Học liệu Trường Đại học Cần Thơ | ||